MARC

LEADER 00000nam^a2200000^a^4500
001 000183765
005 20250521000000.0
009 20260310102051.525
037 |a Acervo ITESO - Biblioteca 
041 |a ESP 
082 |a 940. 545943092  |b SCH 
100 |a Schaeffer, Heinz  |e (autor) 
245 1 0 |a U-Boat 977 /  |c H. Schaeffer ; introd. de Nicholas Monsarrat. 
264 4 |a Nueva York, EUA :  |b Ballantine Books,  |c 1957, c1952 
300 |a XII, 148 p. 
336 |a texto  |b txt  |2 rdacontenido 
337 |a sin mediación  |b n  |2 rdamedio 
338 |a volumen  |b nc  |2 rdasoporte 
649 |a XX 
650 |a Marinos Alemanes -  |x Memorias 
650 |a Militares Alemanes -  |x Memorias 
650 |a Fugitivos Alemanes -  |x Memorias 
650 |a Armada -  |z Alemania -  |x Historia 
650 |a Fuerzas Armadas -  |z Alemania -  |x Historia 
650 |a Viajes Marítimos 
650 |a Submarinos -  |z Alemania -  |x Historia -  |y Tercer Reich, 1933-1945 -  |x Tema Principal 
650 |a Submarinos -  |z Alemania -  |x Historia -  |y Siglo XX 
650 |a Vehículos Militares -  |z Alemania -  |x Historia 
650 |a Alemania -  |x Historia Naval 
650 |a Alemania -  |x Historia Militar 
650 |a Alemania -  |x Historia -  |y Tercer Reich, 1933-1945 
650 |a Alemania -  |x Historia -  |y Siglo XX 
650 |a Argentina -  |x Historia -  |y 1910-1946 
650 |a Argentina -  |x Historia -  |y Siglo XX 
650 |a Guerra Mundial (Segunda), 1939-1945 -  |x Historia -  |x Operaciones Navales 
650 |a Guerra Mundial (Segunda), 1939-1945 -  |x Historia Militar 
650 |a Guerra Mundial (Segunda), 1939-1945 -  |x Historia 
650 |a Historia Moderna -  |y 1940-1949 
650 |a Historia Moderna -  |y Siglo XX 
650 |a Historia Universal 
650 |a Schäffer, Heinz -  |x Tema Principal 
910 |a Fondo General 
920 |a Impresos - Libros 
930 |a Colección General 
905 |a 101 
901 |a 0500124278  |b IT1  |c ACC  |u 20250521 
902 |a https://opac.biblio.iteso.mx/vufind/Record/000183765